00971nam a22002177a 450000500170000001000190001702000260003603500180006203700090008008200110008924500660010025000060016626000370017227001330020930000230034270000350036594200220040099900190042295201560044195201560059720250805163242.0 aENG-146366-367 a9789361832765c350.00 aEN-129898-899 bDBAD a92121 aReader on Arun Sharma/cEdited and Compiled by Namrata Pathak a1 aNew DelhibSahitya Akademic2024 aRabindra Bhawan, 35 Ferozshah RoadbNew Delhie110001k011-23386626k011-23386627k011-23386628msecretary@sahitya-akaemi.gov.in a266p. ;c23cm(Hb)  aPathak, NamrataeEditor983816 2ddccENh921mREA c212891d212891 001040718NFICaDBADbDBADd2025-08-05eDelivery of Books Act Divisiong350.00l0o921 REApEN-129898r2025-08-05 00:00:00t1v350.00w2025-08-05yEN 001040718NFICaDBADbDBADd2025-08-05eDelivery of Books Act Divisiong350.00l0o921 REApEN-129899r2025-08-05 00:00:00t1v350.00w2025-08-05yEN